logo

Bir Sreshtho Munshi Abdur Rouf Library
Jhenaidah Cadet College

iPod Fully Loaded : (Record no. 6171)

MARC details
000 -LEADER
fixed length control field 00636nam a2200241 a 4500
001 - CONTROL NUMBER
JCCL Control Number 6171
003 - CONTROL NUMBER IDENTIFIER
JCCL marc code BD-JhCC
005 - DATE AND TIME OF LATEST TRANSACTION
control field 20180125125013.0
008 - FIXED-LENGTH DATA ELEMENTS--GENERAL INFORMATION
fixed length control field 180115s2007 bg |||| ||a| 000 0 eng d
020 ## - INTERNATIONAL STANDARD BOOK NUMBER
International Standard Book Number 987654323
020 ## - INTERNATIONAL STANDARD BOOK NUMBER
International Standard Book Number 0470049502
035 ## - SYSTEM CONTROL NUMBER
system control number (BD-JhCC)6171
040 ## - CATALOGING SOURCE
Original cataloging agency BD-JhCC
Modifying agency BD-JhCC
041 ## - LANGUAGE CODE
Language code of Book eng
082 ## - DEWEY DECIMAL CLASSIFICATION NUMBER
Classification number 006.5
Author mark and Year IHN 2007
100 ## - MAIN ENTRY--PERSONAL NAME
Personal name Ihnatko, Andy
245 ## - TITLE STATEMENT
Title iPod Fully Loaded :
Remainder of title if you've got it, you can iPod it /
Statement of responsibility, etc Andy Ihnatko
260 ## - PUBLICATION, DISTRIBUTION, ETC. (IMPRINT)
Place of publication, distribution, etc Canada :
Name of publisher, distributor, etc Willey Publishing Inc,
Date of publication, distribution, etc 2007.
300 ## - PHYSICAL DESCRIPTION
Pagination 276 p. :
Dimensions 21 cm.
650 ## - SUBJECT ADDED ENTRY--TOPICAL TERM
Topical term or geographic name as entry element iPod (Digital music player)
942 ## - ADDED ENTRY ELEMENTS (KOHA)
Source of classification or shelving scheme Dewey Decimal Classification
Koha item type Books
Holdings
Source of classification or shelving scheme Damaged status Not for loan Home library Current library Shelving location Date of accession Total Checkouts Full call number Barcode Date last seen Copy number Koha item type
Dewey Decimal Classification     JCC Rouf Library JCC Rouf Library General Stacks 01/14/2018   006.5 IHN 2007 396 01/15/2018 C - 1 Books

JCC Library | Contacts | JCC Home

Last Update on 23 September 2017
Copyright @ 2017-2020 JCC Rouf Library
Rouf Library, Jhenidah Cadet College (JCC), Bangladesh